Koordinačné sústredenie ku kľúčovým úlohám v oblasti práce

Uložené v:
Podrobná bibliografia
Médium: Kniha
Jazyk:Slovak
Vydavateľské údaje: Bratislava Československý výskumný ústav práce a sociálnych vecí 1982
Edícia:Bulletin ČSVÚPSV č. 19
Tagy: Pridať tag
Žiadne tagy, Buďte prvý, kto otaguje tento záznam!

MARC

LEADER 00000nam a2200000 4500
001 c131403
005 20200722103325.5
041 0 |a slo 
044 |a SK 
245 1 0 |a Koordinačné sústredenie ku kľúčovým úlohám v oblasti práce 
264 1 |a Bratislava  |b Československý výskumný ústav práce a sociálnych vecí  |c 1982 
300 |a 114 s. 
490 1 |a Bulletin ČSVÚPSV  |v č. 19 
830 0 |a Bulletin ČSVÚPSV  |v č. 19